Language Quiz

Random Language or Country Quiz

Languages Spoken in Canada Quiz Stats

 Plays Quiz Updated Oct 29, 2015

Challenge
Share
Tweet
Embed
Score 0/65 Timer 05:00
0 Plays Today
Language % Correct
English
99.6%
English
99.6%
English
99.6%
English
99.6%
English
99.6%
English
99.6%
English
99.6%
English
99.6%
English
99.6%
English
99.6%
English
99.6%
English
99.6%
English
99.6%
French
99.6%
French
99.6%
French
99.6%
French
99.6%
French
99.6%
French
99.6%
French
99.6%
French
99.6%
French
99.6%
French
99.6%
French
99.6%
French
99.6%
French
99.6%
Spanish
93.6%
Chinese (All Dialects)
89.7%
Chinese (All Dialects)
89.7%
Chinese (All Dialects)
89.7%
Chinese (All Dialects)
89.7%
Chinese (All Dialects)
89.7%
Chinese (All Dialects)
89.7%
Language % Correct
Chinese (All Dialects)
89.7%
Chinese (All Dialects)
89.7%
German
86.7%
German
86.7%
German
86.7%
German
86.7%
German
86.7%
German
86.7%
Italian
77.9%
Italian
77.9%
Portuguese
63.6%
Arabic
62.6%
Arabic
62.6%
Arabic
62.6%
Dutch
54.6%
Inuktitut
45.2%
Inuktitut
45.2%
Tagalog
31.6%
Tagalog
31.6%
Tagalog
31.6%
Punjabi
22.6%
Punjabi
22.6%
Montagnais-Naskapi Cree
21.2%
Cree
21.2%
Cree
21.2%
Ukrainian
20.4%
South Slavey
8.3%
North Slavey
8.3%
Mi'kmaq
6%
Mi'kmaq
6%
Dogrib
5.5%
Athapaskan languages
4.8%

You're not logged in!

Compare scores with friends on all Sporcle quizzes.
Join for Free
OR
Log In

You Might Also Like...

Show Comments

Extras

Top Quizzes Today


Score Distribution

Your Account Isn't Verified!

In order to create a playlist on Sporcle, you need to verify the email address you used during registration. Go to your Sporcle Settings to finish the process.

Report this User

Report this user for behavior that violates our Community Guidelines.

Details: